Culture Générale - Série 1196 - Statistiques

Statistiques générales
  • Ce quiz a été pris 81 fois
  • Le résultat moyen est 6 sur 10
Statistiques - réponses
Hint Réponse % Correct
Lors de quelle fête chrétienne mange-t-on traditionnellement de la dinde et de la bûche ? Noël
99%
De quel organe du corps humain l'appareil appelé pacemaker règle-t-il le rythme ? coeur
97%
De quel continent la tomate est-elle originaire ? Amérique
94%
Dans quel pays Dalida est-elle née ? Égypte
87%
De quel pays d'Océanie le mont Kosciusko est-il le point culminant ? Australie
76%
En 1866, quel peintre français a réalisé le nu intitulé "L'Origine du monde", exposé au musée d'Orsay ? Gustave Courbet
56%
A quel peintre néerlandais doit-on l'oeuvre intitulée en premier lieu "Jésus guérissant les malades" puis "La Pièce aux cent florins" ? Rembrandt
53%
Dans quelle ville des Pays-Bas l'équipe de football du PSV joue-t-elle ses matchs à domicile ? Eindhoven
51%
Dans les années 1850, quel architecte imagina, avec Hector Horeau, les Halles centrales de Paris ? Victor Baltard
9%
Quel écrivain français, né en 1636, est l'auteur de "Satires", publiées à partir de 1666 ? Nicolas Boileau
6%
Aucun quiz correspondant
Distribution des résultats
% des personnes avec chaque résultat
Percentile par nombre de réponses
Votre historique - résultats
Vous n’avez pas pris ce quiz